|
|
|
|
| LEADER |
00694nam a2200205Ia 4500 |
| 008 |
240829s9999 xx 000 0 und d |
| 020 |
|
|
|a 84-362-2956-8
|
| 040 |
|
|
|a BIBLIOTECA-RUSB/ 470 C838
|
| 041 |
|
|
|a spa
|
| 082 |
|
|
|a 470 C838
|
| 100 |
1 |
|
|a Costas Rodríguez, Jenaro
|
| 245 |
1 |
0 |
|a Introducción a la lengua y cultura latinas : curso de acceso.
|
| 260 |
|
|
|a Madrid, España
|b Universidad Nacional de Educación a Distancia (UNED)
|c 1993
|
| 300 |
|
|
|a 612 p. :il.
|
| 650 |
7 |
|
|a LENGUAS ITALICAS - LATIN
|
| 650 |
7 |
|
|b LITERATURAS DE LAS LENGUAS ITALICAS - LITERATURA LATINA
|
| 650 |
7 |
|
|c CULTURA. López de Ayala y Genovés, María José
|
| 942 |
|
|
|c BK
|2 ddc
|
| 991 |
|
|
|a TEXTO
|
| 999 |
|
|
|c 1218
|